<?xml version="1.0" encoding="UTF-8"?>
<collection xmlns="http://www.loc.gov/MARC21/slim">
 <record>
  <leader>01617nam a2200205Ia 4500</leader>
  <controlfield tag="001">TDMU_24830</controlfield>
  <controlfield tag="008">210410s9999    xx            000 0 und d</controlfield>
  <datafield tag="082" ind1=" " ind2=" ">
   <subfield code="a">327.597</subfield>
  </datafield>
  <datafield tag="090" ind1=" " ind2=" ">
   <subfield code="b">B450</subfield>
  </datafield>
  <datafield tag="100" ind1=" " ind2=" ">
   <subfield code="a">Bộ Ngoại giao</subfield>
  </datafield>
  <datafield tag="245" ind1=" " ind2="0">
   <subfield code="a">Mặt trận ngoại giao với cuộc đàm phán Paris về Việt Nam</subfield>
  </datafield>
  <datafield tag="245" ind1=" " ind2="0">
   <subfield code="c">Bộ Ngoại giao</subfield>
  </datafield>
  <datafield tag="260" ind1=" " ind2=" ">
   <subfield code="a">H.</subfield>
  </datafield>
  <datafield tag="260" ind1=" " ind2=" ">
   <subfield code="b">Chính trị Quốc gia - Sự thật</subfield>
  </datafield>
  <datafield tag="260" ind1=" " ind2=" ">
   <subfield code="c">2015</subfield>
  </datafield>
  <datafield tag="300" ind1=" " ind2=" ">
   <subfield code="a">551 tr</subfield>
  </datafield>
  <datafield tag="520" ind1=" " ind2=" ">
   <subfield code="a">Gồm Tập hợp các bài viết của các đồng chí lãnh đạo cao cấp của Đảng và nhà nước cũng như các vị cố vấn, các nhà thương thuyết, nhà báo, phiên dịch... đã từng trực tiếp hoặc gián tiếp tham dự hội nghị Paris; ghi lại cuộc đấu tranh oanh liệt của dân tộc Việt Nam trên mặt trận ngoại giao thời kỳ chống đế quốc Mỹ với 4 phần: Đánh - đàm và ký kết hiệp định; đấu tranh thi hành hiệp định; mặt trận nhân dân thế giới ủng hộ Việt Nam; nguyên nhân thắng lợi, ý nghĩa và bài học.; Bìa sách ghi: Nhà xuất bản Chính trị Quốc gia</subfield>
  </datafield>
  <datafield tag="650" ind1=" " ind2=" ">
   <subfield code="a">Ngoại giao</subfield>
   <subfield code="x">Đàm phán Paris</subfield>
   <subfield code="z">Việt Nam; Quan hệ ngoại giao</subfield>
   <subfield code="z">Việt Nam; Đàm phán Paris</subfield>
   <subfield code="x">Lịch sử ngoại giao</subfield>
   <subfield code="z">Việt Nam</subfield>
  </datafield>
  <datafield tag="856" ind1=" " ind2=" ">
   <subfield code="u">http://lrc.tdmu.edu.vn/opac/search/detail.asp?aID=2&amp;ID=24830</subfield>
  </datafield>
  <datafield tag="980" ind1=" " ind2=" ">
   <subfield code="a">Trung tâm Học liệu Trường Đại học Thủ Dầu Một</subfield>
  </datafield>
 </record>
</collection>
